000 00598nam a2200229Ia 4500
003 OSt
005 20220928103710.0
006 a|||||r|||| 00| 0
007 ta
008 220927b |||||||| |||| 00| 0 eng d
024 _a62573
037 _cTextual
040 _aSDCL
_cSDCL
_beng
041 _2eng
_aeng
082 _aN216, M0
100 _aPrasad B Rajendra
_9406640
245 0 _aArt of South India Andhra Pradesh
260 _aDelhi
_bSundeep Prakashan
_c1980
300 _a239p
_ccm.
942 _hN216, M0
_cTEXL
_2CC
999 _c722186
_d722186